Togliatti

Պահպանված է:
Մատենագիտական մանրամասներ
Հիմնական հեղինակ: Giorgio Bocca
Ձևաչափ: Գիրք
Լեզու:Undetermined
Հրապարակվել է: La Biblioteca Di Republica
Ցուցիչներ: Ավելացրեք ցուցիչ
Չկան պիտակներ, Եղեք առաջինը, ով նշում է այս գրառումը!

MARC

LEADER 00000nam a2200000Ia 4500
001 R-2066
003 CODICE-MESSINA
005 20260212102526.0
008 260211s9999 xx 000 0 und d
040 |c importazione_messina 
100 |a Giorgio Bocca 
245 0 |a Togliatti 
260 |b La Biblioteca Di Republica 
942 |2 ddc  |c BK 
952 |0 0  |1 0  |2 ddc  |4 0  |6 SCAFFALE_15_000000000000000__STANZA_3__ROMANZI  |7 0  |9 32907  |a ME  |b ME  |d 2026-02-11  |l 0  |o SCAFFALE 15 - STANZA 3 - ROMANZI  |p R-2066  |r 2026-02-11 23:53:28  |w 2026-02-11  |x [REVISIONARE]  |y BK 
999 |c 28574  |d 28574